Společná terapie rodiny

Podrobná bibliografia
Hlavný autor: Satir, Virginia, 1916-1988 (Autor)
Ďalší autori: Černý, Matěj, 1977 júl 6.- (Prekladateľ)
Médium: Kniha
Jazyk:čeština
angličtina
Fyzický popis:214 s. 21 cm
Vydavateľské údaje: Praha Portál 2007
ISBN:9788073673031
Vydanie:Vyd. 1.
Edícia:Spektrum (Portál)
Predmet:

MARC

LEADER 00000cam a2200000 a 4500
001 vtls009161895
003 SK-MaSNL
005 20260301142338.0
008 251124s2007 xr g f 000 0 cze
020 |a 9788073673031  |q (brož.) 
040 |a SNK  |b slo  |c SNK  |e AACR2 
041 1 |a cze  |h eng 
044 |a xr  |c CZ 
072 7 |a 364-1/-7  |x Druhy sociálnej pomoci a služieb  |2 konspekt 
080 |a 364.642-785.4  |2 2001 
080 |a (035)  |2 2001 
100 1 |a Satir, Virginia,  |d 1916-1988  |4 aut  |9 109246 
240 1 0 |a Conjoint family therapy  |l Česky 
245 1 0 |a Společná terapie rodiny  |c Virginia Satir ; [z angl. orig. přeložil Matěj Černý] 
250 |a Vyd. 1. 
260 |a Praha  |b Portál  |c 2007 
300 |a 214 s.  |c 21 cm 
490 1 |a Spektrum  |v 55 
504 |a Obsahuje bibliogr. a bibliogr. odkazy 
650 0 7 |a rodinná psychoterapia  |2 SNKPH  |9 3805 
650 0 7 |a Family psychotherapy  |2 SNKPHeng  |9 318167 
655 7 |a príručky  |2 SNKPH  |9 74364 
655 7 |a Handbooks, manuals, etc.  |2 SNKPHeng  |9 90964 
700 1 |a Černý, Matěj,  |d 1977 júl 6.-  |4 trl  |9 217257 
830 0 |a Spektrum (Portál)  |9 312447 
919 |a 978-80-7367-303-1 
999 |c 769934  |d 771864 
952 |t snkSAT 173  |a SNKUST  |b SNKUST  |y PREZ  |7 0  |p 17A0580754  |o snkIC 136372  |i snk2008/4983  |8 4  |g 11.52  |0 0  |1 0  |4 0  |d 2008-01-24  |l 0  |r 2025-03-19 00:00:00  |w 2026-02-24